=LDR 00000nam 2200000 4500 =001 INLIS000000000052159 =005 20180124082710 =035 ##$$a 0010-0118000347 =007 ta =008 180124###########################0###### =020 ##$$a 978-979-007-447-7 =082 ##$$a 348.02 =084 ##$$a 348.02 IND u =100 #$$a Indonesia =245 1#$$a (Undang-Undang Dan Peraturan) : $b Undang-Undang Pembentukan Peraturan Perundang-Undangan (UU RI No.12 Th 2011) =250 ##$$a cet.6 =260 ##$$a Jakarta :$b Sinar Grafika,$c 2016 =300 ##$$a viii, 242 hlm ; $c 21 cm =650 ##$$a Pembentukan Peraturan - Perundang-undangan =990 ##$$a 18161816 =990 ##$$a 18161816 =990 ##$$a 18161816 =990 ##$$a 18161816 =990 ##$$a 18161816 =990 ##$$a 21705901 =990 ##$$a 01201801816 =990 ##$$a 01201801817 =990 ##$$a 01201801818 =990 ##$$a 01201801819 =990 ##$$a 21705902 =990 ##$$a 01201801816 =990 ##$$a 01201801817 =990 ##$$a 01201801818 =990 ##$$a 21705901 =990 ##$$a 21705903 =990 ##$$a 01201801816 =990 ##$$a 01201801817 =990 ##$$a 21705902 =990 ##$$a 21705901 =990 ##$$a 21705904 =990 ##$$a 01201801816 =990 ##$$a 21705903 =990 ##$$a 21705902 =990 ##$$a 21705901 =990 ##$$a 21705905 =990 ##$$a 21705904 =990 ##$$a 21705903 =990 ##$$a 21705902 =990 ##$$a 21705901